Bengkel Penyelenggaraan Tatatertib 6 - 10 Mac 1989 [ tatakelakuan dalam perkhidmatan awam
| Format: | Book |
|---|---|
| Published: |
Bangi :
Inspen ,
1989
|
| Subjects: |
MARC
| LEADER | 00000cam a2200000 7i4500 | ||
|---|---|---|---|
| 001 | 0000014316 | ||
| 005 | 20061213.0 | ||
| 040 | |a INS | ||
| 090 | 0 | 0 | |a HD4905 1989 |
| 245 | 0 | 0 | |a Bengkel Penyelenggaraan Tatatertib 6 - 10 Mac 1989 [ |h video recording] : |b tatakelakuan dalam perkhidmatan awam |
| 260 | |a Bangi : |b Inspen , |c 1989 | ||
| 300 | |a 1 video cassette (VHS) : |b sd., col ; |c 1/2 in. | ||
| 650 | 0 | 0 | |a Work ethics |
| 999 | |a VHS170 |b VIDEO |c Map Collection |e Default branch | ||